15 największych miast Szwecji na mapie - Statystyki

Ogólne statystyki
  • Ten quiz został rozwiązany 136 razy
    101 od ostatniego zresetowania
  • Średni wynik to 7 z 15
Odpowiedzi na mapie
Odpowiedzi zakodowano w zielono-czerwonej skali na mapie do tego quizu, zgodnie z poniższymi procentami.
 
Statystyki odpowiedzi
# Populacja Miasto % Poprawnych
1. 1 617 407 Sztokholm
100%
3. 325 069 Malmö
96%
2. 607 882 Göteborg
91%
4. 166 698 Uppsala
67%
8. 113 828 Helsingborg
45%
10. 96 946 Norrköping
43%
9. 100 579 Jönköping
41%
7. 115 682 Linköping
38%
6. 126 604 Örebro
36%
12. 88 203 Umeå
33%
5. 128 660 Västerås
31%
11. 92 069 Lund
23%
13. 76 886 Gävle
18%
14. 72 984 Borås
12%
15. 70 261 Eskilstuna
8%
Nie znaleziono quizów pasujących do podanych kryteriów
Rozkład punktacji
Procent ludzi z każdym wynikiem
Percentyl według liczby udzielonych odpowiedzi
Twoja historia wyników
Nie rozwiązałeś tego quizu od ostatniego zresetowania